| 000 | 00546nam a2200217Ia 4500 | ||
|---|---|---|---|
| 008 | 240512s9999 xx 000 0 und d | ||
| 020 | _a0008178082314 | ||
| 041 | _aEng | ||
| 082 | _a005.74 | ||
| 082 | _bD17 | ||
| 100 | _aDate,C.J | ||
| 245 | 3 | _aAn Introduction to Database Systems | |
| 250 | _a7th ed. | ||
| 260 | _bINDIA : Pearson Education Asia | ||
| 260 | _c2000 | ||
| 300 | _a983 p. | ||
| 650 | _aDatabase Management Systems: Data Management | ||
| 942 |
_2ddc _02 |
||
| 942 | _cLBK | ||
| 999 |
_c21830 _d21830 |
||
| 945 |
_a1 _bMadushi Gamage _c2364 _dABC XYZ |
||